Agricultural extension
Đã lưu trong:
| Hovedforfatter: | |
|---|---|
| Format: | Bog |
| Sprog: | Undetermined |
| Udgivet: |
New York
John Wiley & Sons, Inc
1988
|
| Fag: | |
| Tags: |
Tilføj Tag
Ingen Tags, Vær først til at tagge denne postø!
|
| Thư viện lưu trữ: | Trung tâm Học liệu Trường Đại học Cần Thơ |
|---|
| LEADER | 00505nam a2200181Ia 4500 | ||
|---|---|---|---|
| 001 | CTU_30114 | ||
| 008 | 210402s9999 xx 000 0 und d | ||
| 082 | |a 630.715 | ||
| 082 | |b B212 | ||
| 100 | |a A W Van den Ban | ||
| 245 | 0 | |a Agricultural extension | |
| 245 | 2 | |c A W Van den Ban, H S Hawkins | |
| 260 | |a New York | ||
| 260 | |b John Wiley & Sons, Inc | ||
| 260 | |c 1988 | ||
| 650 | |a agricultural extension work | ||
| 904 | |i Liên, 990304 | ||
| 980 | |a Trung tâm Học liệu Trường Đại học Cần Thơ | ||